Here's Mickey ! [
| Main Author: | |
|---|---|
| Format: | Book |
| Published: |
s.l. :
Walt Disney Home Video ,
19_.
|
| Subjects: |
MARC
| LEADER | 00000cam a2200000 7i4500 | ||
|---|---|---|---|
| 001 | 0000000236 | ||
| 002 | 000000306 | ||
| 005 | 20021001.0 | ||
| 020 | |a 000000306 | ||
| 090 | 0 | 0 | |a JF |b MIC |
| 100 | 1 | |a Disney, Walt | |
| 245 | 0 | 0 | |a Here's Mickey ! [ |h video recording] |c Walt Disney |
| 260 | |a s.l. : |b Walt Disney Home Video , |c 19_. | ||
| 300 | |a 1 Video recording VHS (45:00 min) : |b col.(PAL) | ||
| 500 | |a Library has 1 copy | ||
| 650 | 0 | 0 | |a Cartoon and carricatures |
| 999 | |a PV0237 |b VIDEO |c JUNIOR REFERENCE |e PERPUSTAKAAN KOMUNITI PETALING JAYA | ||